00571nam a22001697a 450000500170000001000130001702000260003003500110005603700130006708200080008010000280008824500620011624600560017826000520023427000920028630000230037820201117125349.0 aUR-10931 c400.00a9789390100071 aU-9486 bDBAD/PUB a841 aشفق سو پو ر ی  aر يشم سر ا ب خو ا ب cشفق سو پو ر ی  bResham Sarab Khawab(Poetry)(Urdu)aby Shafaq Sopori aN.Delhi bEducational Publishing Housec2020 ء aH.O.D1/16,Ansari Road,Darya ganj,bN.Delhie110002k45678285,23216162l0091-11-23211540 a232 ص c22 Cm(Hb)